书目信息 |
| 题名: |
九华山寺庙建筑
|
|
| 作者: | 殷永达 撰文 ;陆开蒂 摄影 | |
| 分册: | ||
| 出版信息: | 北京 中国建筑工业出版社 2016.05 |
|
| 页数: | 91页 | |
| 开本: | 21cm | |
| 丛书名: | 中国精致建筑100 | |
| 单 册: | ||
| 中图分类: | TU-885 | |
| 科图分类: | ||
| 主题词: | 寺庙--宗教建筑--建筑艺术--池州--图集 | |
| 电子资源: | ||
| ISBN: | 978-7-112-15908-6 | |
| 000 | 01033oam2 2200277 450 | |
| 001 | 0100004026 | |
| 005 | 20190306111307.69 | |
| 010 | @a978-7-112-15908-6@dCNY48.00 | |
| 100 | @a20161019d2016 em y0chiy50 ea | |
| 101 | 0 | @achi |
| 102 | @aCN@b110000 | |
| 105 | @aa z 000yy | |
| 200 | 1 | @a九华山寺庙建筑@Ajiu hua shan si miao jian zhu@f殷永达撰文@g陆开蒂摄影 |
| 210 | @a北京@c中国建筑工业出版社@d2016.05 | |
| 215 | @a91页@c图@d21cm | |
| 225 | 2 | @a中国精致建筑100@i宗教建筑 |
| 308 | @a丛书5 | |
| 330 | @a本书以简要文字和大量精美图片,宣传、介绍了中国佛教四大名山之一的九华山迤逦雄伟的风光、九华山溯源,遍布九华山的禅院、九华山佛寺的兴衰、佛寺的布局、寺庙建筑的特色、寺庙的世俗倾向、地藏道场建筑,以及这些建筑的细部、装饰等。 | |
| 333 | @a建筑师 | |
| 410 | 0 | @12001 @a中国精致建筑100@i宗教建筑 |
| 606 | 0 | @a寺庙@x宗教建筑@x建筑艺术@y池州@j图集 |
| 690 | @aTU-885@v5 | |
| 701 | 0 | @a殷永达@Ayin yong da@4撰文 |
| 702 | 0 | @a陆开蒂@Alu kai di@4摄影 |
| 801 | 0 | @aCN@c201701015 |
| 905 | @a河南城建学院图书馆@dTU-885@eY586 | |
| 九华山寺庙建筑/殷永达撰文/陆开蒂摄影.-北京:中国建筑工业出版社,2016.05 |
| 91页:图;21cm.-(中国精致建筑100.宗教建筑) |
| 使用对象:建筑师 |
| ISBN 978-7-112-15908-6:CNY48.00 |
| 本书以简要文字和大量精美图片,宣传、介绍了中国佛教四大名山之一的九华山迤逦雄伟的风光、九华山溯源,遍布九华山的禅院、九华山佛寺的兴衰、佛寺的布局、寺庙建筑的特色、寺庙的世俗倾向、地藏道场建筑,以及这些建筑的细部、装饰等。 |
| ● |
| 相关链接 |
|
|
|
正题名:九华山寺庙建筑
索取号:TU-885/Y586
 
预约/预借
| 序号 | 登录号 | 条形码 | 馆藏地/架位号 | 状态 | 备注 |
| 1 | 1305734 | 213057341 | 建筑库101/101建筑库 23排4列2层/ [索取号:TU-885/Y586] | 在馆 | |
| 2 | 1360779 | 213607792 | 建筑库101/101建筑库 23排4列2层/ [索取号:TU-885/Y586] | 在馆 | |
| 3 | 1360780 | 213607809 | 建筑库101/101建筑库 23排4列2层/ [索取号:TU-885/Y586] | 在馆 |